000 00630nam a2200229Ia 4500
003 OSt
005 20220926042914.0
006 a|||||r|||| 00| 0
007 ta
008 220923b |||||||| |||| 00| 0 eng d
037 _cGeneral Book
040 _aRTL
_cRTL
_beng
041 _2eng
_aeng
082 _aX655.2.N6, K5
110 _aIndian Investment Centre, New Delhi
_9264112
245 0 _aIndia welcomes foreign investment
260 _c1965
650 _aForeign Investment
700 _aIndian Investment Centre, New Delhi
_9264113
942 _hX655.2.N6, K5
_cGB
_2CC
999 _c670900
_d670900